| 000 | 00364nam a2200145 i 4500 | ||
|---|---|---|---|
| 001 | bg | ||
| 100 | 1 | _aRASCH, Dieter | |
| 245 | 0 |
_aStatystyczne planowanie doswiadczeń / _cD. Rasch, G. Herrendorfer |
|
| 260 |
_aWarszawa, _c1991 |
||
| 700 | _aHERRENDORFER, Günter | ||
| 040 | _cBPK | ||
| 041 | _apol | ||
| 942 | _cKS | ||
| 008 | s pl f |000 0 pol | ||
| 999 |
_c29757 _d29757 |
||
| 856 |
_uhttp://koha.tu.koszalin.pl/cgi-bin/koha/opac-detail.pl?biblionumber=29757 _yKatalog online BPK |
||